000 00826nam a2200265 a 4500
001 vtls000968430
003 NLI
005 20210627095208.0
008 120112s1852 nyu 000 0 eng
039 9 _y201201121757
_zEntertech_02
040 0 _aNLI
_beng
_cEntertech-2011
_eAACR2
041 0 _aeng
044 _anyu
084 _a61.B.83
100 1 _aTappan, Henry Philip,
_d1805-1881
_9909911
245 1 2 _aA step from the New World to the Old, and back again :
_bwith thoughts on the good and evil in both /
_cHenry P. Tappan
260 _aNew York :
_bD. Appleton,
_c1852
300 _a2v. ;
_c18 cm.
651 0 _aEurope
_xDescription and trav
_9909912
887 _a
901 _aIMP50233 :
_b29.07.2010
901 _aIMP50234 :
_b29.07.2010
902 _a61.B.83
999 _aVIRTUA
_c793449
_d793449
942 _2ddc
_cBKS